[Event "Paracin 2019"]
[Site "Paracin"]
[Date "2019.07.12"]
[Round "9.1"]
[White "Ivanisevic, Ivan"]
[Black "Ratkovic, Miloje"]
[Result "1/2-1/2"]
[WhiteElo "2612"]
[BlackElo "2416"]
[PlyCount "40"]
[EventDate "2019.??.??"]

1. c4 Nf6 2. Nc3 g6 3. d4 Bg7 4. e4 d6 5. Nge2 O-O 6. Ng3 h5 7. Be2 a6 8. Bg5
Nbd7 9. Qd2 Nh7 10. Bh6 h4 11. Nf1 e5 12. Bxg7 Kxg7 13. Ne3 c6 14. O-O Ndf6 15.
Rad1 Qe7 16. c5 dxc5 17. dxe5 Qxe5 18. f4 Qe7 19. e5 Ng8 20. Ne4 h3 1/2-1/2

[Event "Paracin 2019"]
[Site "Paracin"]
[Date "2019.07.12"]
[Round "9.5"]
[White "Stojanovic, Mihajlo"]
[Black "Sanal, Vahap"]
[Result "0-1"]
[WhiteElo "2483"]
[BlackElo "2520"]
[PlyCount "42"]
[EventDate "2019.??.??"]

1. Nf3 d5 2. d4 Nf6 3. c4 e6 4. Nc3 c6 5. e3 Nbd7 6. Qc2 Bd6 7. Bd3 dxc4 8.
Bxc4 b5 9. Bd3 Bb7 10. a4 b4 11. Ne4 Be7 12. O-O O-O 13. Nxf6+ Nxf6 14. e4 h6
15. Be3 Rc8 16. Rfd1 c5 17. dxc5 Ng4 18. Bd4 e5 19. Nxe5 Nxe5 20. Bxe5 Rxc5 21.
Bc4 Qc8 0-1

[Event "Paracin 2019"]
[Site "Paracin"]
[Date "2019.07.12"]
[Round "9.6"]
[White "Perunovic, Milos"]
[Black "Pikula, Dejan"]
[Result "1-0"]
[WhiteElo "2597"]
[BlackElo "2447"]
[PlyCount "75"]
[EventDate "2019.??.??"]

1. e4 c5 2. Nf3 e6 3. d4 cxd4 4. Nxd4 a6 5. c4 Nf6 6. Nc3 Bb4 7. Qf3 d6 8. Nc2
Bc5 9. Be3 Nc6 10. O-O-O Qe7 11. g4 O-O 12. g5 Nd7 13. Qg3 Nb4 14. Nd4 Rd8 15.
h4 Nf8 16. a3 Nc6 17. Nxc6 Bxe3+ 18. Qxe3 bxc6 19. f4 Rb8 20. Rh2 a5 21. Rhd2
Qc7 22. h5 d5 23. exd5 exd5 24. cxd5 cxd5 25. Rxd5 Bg4 26. Rxd8 Rxd8 27. Rxd8
Qxd8 28. Be2 Bxe2 29. Qxe2 h6 30. gxh6 gxh6 31. Qg2+ Kh7 32. Qd5 Qf6 33. Qe4+
Kg8 34. Nd5 Qh4 35. Ne7+ Kh8 36. Nf5 Qg4 37. Nxh6 Qxh5 38. Qe5+ 1-0

[Event "Paracin 2019"]
[Site "Paracin"]
[Date "2019.07.12"]
[Round "9.7"]
[White "Djordjevic, Vuk"]
[Black "Vishnu, Prasanna. V"]
[Result "0-1"]
[WhiteElo "2412"]
[BlackElo "2505"]
[PlyCount "76"]
[EventDate "2019.??.??"]

1. d4 Nf6 2. Bg5 c5 3. Bxf6 gxf6 4. dxc5 Na6 5. c3 Nxc5 6. Nd2 f5 7. Ngf3 Bg7
8. g3 d5 9. Bg2 e6 10. O-O Bd7 11. Qc1 Qb6 12. Nd4 Rc8 13. N2b3 Ne4 14. Bxe4
fxe4 15. Qe3 f5 16. Nc2 Qxe3 17. Nxe3 Ke7 18. f4 b5 19. Nc2 Bf6 20. Kf2 Rhg8
21. Rg1 Rg7 22. a3 Kd6 23. Ne3 h5 24. Rad1 b4 25. axb4 Ba4 26. Nc5 Bxd1 27.
Rxd1 a5 28. Nc4+ Ke7 29. Nxa5 h4 30. Ra1 hxg3+ 31. hxg3 d4 32. Nab3 dxc3 33.
bxc3 Bxc3 34. Ra6 Rg6 35. b5 Rxc5 36. Ra7+ Kd6 37. Ra6+ Kd5 38. Nxc5 Bd4+ 0-1

[Event "Paracin 2019"]
[Site "Paracin"]
[Date "2019.07.12"]
[Round "9.12"]
[White "Baglan, Esat"]
[Black "Peng, Xiongjian"]
[Result "1/2-1/2"]
[WhiteElo "2336"]
[BlackElo "2467"]
[PlyCount "82"]
[EventDate "2019.??.??"]

1. e4 e5 2. Nf3 Nc6 3. Bb5 a6 4. Ba4 Nf6 5. O-O Bc5 6. c3 b5 7. Bb3 d6 8. d4
Bb6 9. a4 Bb7 10. Re1 h6 11. axb5 axb5 12. Rxa8 Qxa8 13. Na3 O-O 14. Nxb5 Na5
15. Bc2 Nxe4 16. Qd3 f5 17. b4 Nc6 18. Be3 Ba6 19. Nxc7 Bxd3 20. Nxa8 Bxc2 21.
Nxb6 Nxc3 22. dxe5 dxe5 23. Nxe5 Nxe5 24. Bd4 Na2 25. Rxe5 Nxb4 26. Bc5 Nd3 27.
Bxf8 Nxe5 28. Bd6 Nf7 29. Bc5 Bb3 30. Nc8 g6 31. Ne7+ Kh7 32. f3 Nd8 33. Bb6
Ne6 34. Nc6 Bd5 35. Nd4 Ng5 36. Kf2 Kg7 37. Ne2 Bc4 38. Bd4+ Kf7 39. Nf4 Nh7
40. h4 Nf8 41. g4 Ne6 1/2-1/2

[Event "Paracin 2019"]
[Site "Paracin"]
[Date "2019.07.12"]
[Round "9.15"]
[White "Froewis, Georg"]
[Black "Lazov, Toni"]
[Result "1/2-1/2"]
[WhiteElo "2434"]
[BlackElo "2313"]
[PlyCount "40"]
[EventDate "2019.??.??"]

1. Nf3 d6 2. d4 Nf6 3. g3 g6 4. b3 Bg7 5. Bb2 O-O 6. Bg2 Nbd7 7. O-O Re8 8. c4
c6 9. Nc3 e5 10. dxe5 dxe5 11. Qc2 e4 12. Ng5 e3 13. f4 Nc5 14. Rad1 Qa5 15.
Nce4 Ncxe4 16. Nxe4 Bf5 17. Bc3 Qa3 18. Bb2 Qa5 19. Bc3 Qa3 20. Bb2 Qa5 1/2-1/2

[Event "Paracin 2019"]
[Site "Paracin"]
[Date "2019.07.12"]
[Round "9.17"]
[White "Liu, Zhaoqi"]
[Black "Milosevic, Milos"]
[Result "1-0"]
[WhiteElo "2386"]
[BlackElo "2312"]
[PlyCount "119"]
[EventDate "2019.??.??"]

1. c4 e5 2. Nc3 Nc6 3. g3 g6 4. Bg2 Bg7 5. e3 Nge7 6. Nge2 d6 7. d3 Be6 8. Nd5
Qd7 9. b3 O-O 10. Bb2 Nd8 11. Nxe7+ Qxe7 12. d4 f5 13. dxe5 dxe5 14. O-O Nc6
15. Nc3 e4 16. f3 Rad8 17. Qe2 exf3 18. Bxf3 Ne5 19. Bxb7 c6 20. Ba6 Nd3 21.
Nd5 cxd5 22. Bxg7 Qxg7 23. cxd5 Bxd5 24. Bxd3 Kh8 25. Bc4 Bc6 26. Rad1 Qe5 27.
Rxd8 Rxd8 28. Kf2 Re8 29. Qd2 Kg7 30. Qd4 Qxd4 31. exd4 Be4 32. Rc1 Rc8 33. Rd1
Kf6 34. Ke3 g5 35. Rf1 h5 36. Kd2 h4 37. Bd3 Bxd3 38. Kxd3 hxg3 39. hxg3 Ke6
40. Rh1 Rf8 41. Rh6+ Kd5 42. Rh5 Rg8 43. Rh7 a6 44. Rd7+ Kc6 45. Rf7 f4 46. g4
Rg6 47. Rf5 Rg8 48. a4 Rg6 49. b4 Kb6 50. Rf7 Kc6 51. Kc4 Rh6 52. Rf5 Rg6 53.
d5+ Kd6 54. Kd4 Kc7 55. Kc5 Rg7 56. b5 axb5 57. axb5 Kd7 58. b6 Rh7 59. Rf8 Rh1
60. b7 1-0

[Event "Paracin 2019"]
[Site "Paracin"]
[Date "2019.07.12"]
[Round "9.22"]
[White "Wadsworth, Matthew J"]
[Black "Holland, James P"]
[Result "1-0"]
[WhiteElo "2418"]
[BlackElo "2263"]
[PlyCount "77"]
[EventDate "2019.??.??"]

1. Nf3 d5 2. g3 c5 3. Bg2 Nc6 4. c4 d4 5. d3 Nf6 6. O-O e6 7. e3 Be7 8. exd4
cxd4 9. Re1 O-O 10. Na3 Re8 11. Nc2 a5 12. Ne5 Nxe5 13. Rxe5 Nd7 14. Re1 Nc5
15. b3 Bf6 16. Ba3 Qc7 17. Qf3 Rb8 18. Bxc5 Qxc5 19. a3 Bd7 20. b4 Qc7 21. Re2
e5 22. Rae1 Ba4 23. b5 Bxc2 24. Rxc2 Qc5 25. Ra2 b6 26. h4 Re7 27. h5 e4 28.
Rxe4 Rxe4 29. Qxe4 Qxh5 30. Re2 Qc5 31. a4 Qd6 32. Qc6 Be7 33. Re4 Qc5 34. Qd7
Bf6 35. Re2 Qc8 36. Qc6 h5 37. Re4 Qd8 38. Bh3 g5 39. Bd7 1-0